| 000 | 01052nam0a22003011 4500 | ||
|---|---|---|---|
| 001 | v19\rc\1671569 | ||
| 005 | 20250619013630.0 | ||
| 035 | _a(NLR Aleph) 004779001 | ||
| 090 |
_a4665374 _c4665374 |
||
| 100 | _a20061002d1893 |||y0rusy50 ca | ||
| 101 | 0 | _arus | |
| 102 | _aRU | ||
| 105 | _aa z ||||| | ||
| 200 | 1 | _aПамятная книжка эскадренного броненосца "Гангут" 1893 г. | |
| 210 |
_aБ.м. _cлит. 17 экип. _d1893 |
||
| 215 |
_a135, [6] с., 7 л. черт. _d20 |
||
| 300 | _aВ конце текста сост.: кап. 2 ранга В. Руднев | ||
| 300 | _aЗагл. обл.: Гангут | ||
| 309 | _aНаписано от руки. Литогр. | ||
| 512 | 0 | _aГангут | |
| 532 | 1 | 3 | _aПамятная книжка эскадренного броненосца Гангут 1893 г. |
| 702 | 1 |
_aРуднев _bВ. _4220 |
|
| 801 | 0 |
_aRU _bNLR _gpsbo |
|
| 801 | 0 |
_aRU _bRuMoRGB _2psbo |
|
| 801 | 1 |
_aRU _bProSoft-M _2rusmarc |
|
| 852 |
_aNLR _j68-3/662 |
||
| 942 | _cBOOK | ||
| 980 | _aNB | ||